| 000 | 00669nam a2200241 a 4500 | ||
|---|---|---|---|
| 001 | 5750 | ||
| 003 | CO-ViMGA | ||
| 008 | 141112s2004 ck r 000 u spa d | ||
| 040 |
_aCO-ViMGA _bspa _cCO-ViMGA |
||
| 082 | 0 | 4 | _a352.1 R377 |
| 100 | 1 |
_aRestrepo, Juan Camilo _94229 |
|
| 245 | 1 | 0 | _aHacienda pública |
| 250 | _a3a | ||
| 260 |
_aSantafé de Bogotá : _bUniversidad Externado de Colombia, _c1996 |
||
| 300 | _a374 p | ||
| 650 | 1 | 4 |
_aADMINISTRACION PUBLICA _951587 |
| 650 | 1 | 4 |
_aGASTO PUBLICO _955166 |
| 650 | 1 | 4 |
_aIMPUESTOS _955167 |
| 650 | 1 | 4 |
_aIVA _951775 |
| 650 | 1 | 4 |
_aPolítica - COLOMBIA _94230 |
| 650 | 1 | 4 |
_aPRESUPUESTO COLOMBIANO _94231 |
| 942 |
_2ddc _cBK |
||
| 999 |
_c17731 _d17731 |
||